Riconosci il Pokémon - Quiz n°228 - Statistics

Statistiche generali
  • Questo quiz è stato fatto 2 volte
  • Il punteggio medio è 2 su 10
Statistiche sulle risposte
Indizio Risposta % Corretto
Tipo Normale / Volante
100%
Generazione Settima
100%
Altezza 0,6 m
0%
Tasso di cattura 120 (24.9%)
0%
Peso 14,8 kg
0%
Sesso 50% ♂, 50% ♀
0%
Tasso di allevamento Medio-Veloce
0%
Stadio evoluzione Prima evoluzione
0%
Abilità Sguardofermo; Abillegame; Raccolta
0%
Pokémon Trumbeak
0%
Nessun quiz corrispondente trovato
Distribuzione punteggi
Percentuale di utenti per punteggio
Percentile per numero di risposta
I tuoi punteggi nel tempo
Non hai fatto questo quiz